000 00610nam a22001817a 4500
005 20240707052447.0
008 240707b |||||||| |||| 00| 0 eng d
020 _a9786035073356
040 _c.
082 _2
_a526,8 559 B 2015
100 _aبيلاني ، حسن محمد
245 _aالطرق الهندسية والتحليلية لإسقاط الخرائط :
_b/
_cحسن محمد بيلاني
250 _a
260 _aالرياض
_bجامعة الملك سعود
_c2015
300 _a323ص
_c25سم
650 _zالخرائط/ الرسوم البيانية
942 _2ddc
_cBK-AR
_n0
999 _c7058
_d7058